000 01987nam0a2200481 4500
001 RU\NLR\bibl\1437454
005 20260407065618.0
010 _a978-5-17-060585-9
_bАСТ
010 _a978-5-403-01839-5
_bАСТ МОСКВА
010 _a978-5-226-01279-2
_bВКТ
021 _aRU
_b2009-74317
_94628
035 _a(nilc)RSL-KNO-004384639
035 _a(NLR Aleph) 001429329
090 _a1392601
_c1392601
100 _a20090914d2009 |||y0rusy50 ca
101 0 _arus
102 _aRU
105 _ay zzzz|||||
200 1 _aРоссийский флот в Средиземноморье
_fЕвгений Тарле
210 _aМосква
_cАСТ
_cАСТ Москва
_aВладимир
_cВКТ
_d2009
215 _a476, [2] с.
_d21
225 1 _aИсторическая библиотека
600 1 _aНахимов
_bП.С.
_f1802 - 1855
_gПавел Степанович
_91478958
_3RU\NLR\auth\66628834
601 1 2 _aАрхипелагская экспедиция русского флота
_d1
_f1769 - 1774
_91022706
_3RU\NLR\AUTH\6673368
601 1 2 _aАрхипелагская экспедиция русского флота
_d2
_f1807
_92527901
_3RU\NLR\AUTH\661497520
606 0 _aЧесменское сражение
_z1770
_91025658
_3RU\NLR\auth\6674993
686 _aЦ66,8(2)0-1я44
_2rubbk
686 _aЦ66,8(2)0-243д.я44
_2rubbk
686 _aТ3(2)464-681,02
_2rubbk
686 _aТ3(2)464-685.1.02
_2rubbk
686 _aТ3(2)471-684,02
_2rubbk
686 _aТ3(2)472-684.1,02
_2rubbk
686 _aЦ35(2)462.08
686 _aЦ35(2)471.38
686 _aЦ35(2)472.1-424дНахимов
700 1 _4070
_8rus
_7ca
_aТарле
_bЕ. В.
_f1875-1955
_gЕвгений Викторович
_3RU\NLR\auth\7716336
_9125976
801 0 _aRU
_bРКП
_c20090914
_grcr
801 1 _aRU
_bРГБ
_c20090914
801 2 _aRU
_bNLR
_c20091112
_grcr
942 _cBOOK
980 _aNB